Principles of Marketing
Gardado en:
| Autor Principal: | |
|---|---|
| Formato: | Libro |
| Publicado: |
Pearson
|
| Tags: |
Sen Etiquetas, Sexa o primeiro en etiquetar este rexistro!
|
MARC
| LEADER | 00000nam a2200000Ia 4500 | ||
|---|---|---|---|
| 005 | 20260515061615.0 | ||
| 100 | |a Gary Armstrong, Kotlar | ||
| 020 | |a 9789357055215 | ||
| 942 | |c BK | ||
| 245 | |a Principles of Marketing | ||
| 260 | |b Pearson | ||
| 999 | |c 29 |d 29 | ||
| 952 | |0 0 |1 0 |4 0 |7 0 |a ABDN |b ABDN |d 2026-05-15 |l 0 |p 000080 |r 2026-05-15 06:16:15 |w 2026-05-15 |y BK | ||